LIBRARY & INFORMATION CENTRE, KCAET, TAVANUR

ONLINE PUBLIC ACCESS CATALOGUE (OPAC)

Hand book for discussion leaders / (Record no. 2170)

MARC details
000 -LEADER
fixed length control field 00439cam a2200169ua 4500
041 ## - LANGUAGE CODE
Language code of text/sound track or separate title eng
082 ## - DEWEY DECIMAL CLASSIFICATION NUMBER
Classification number 371.37
Item number AUE/HA
100 ## - MAIN ENTRY--AUTHOR NAME
Personal name Auer, J.Jeffery .
245 ## - TITLE STATEMENT
Title Hand book for discussion leaders /
250 ## - EDITION STATEMENT
Edition statement 1 /
260 ## - PUBLICATION, DISTRIBUTION, ETC. (IMPRINT)
Place of publication :
Name of publisher Haeper and Brothers Publishers ,
Year of publication 1954.
300 ## - PHYSICAL DESCRIPTION
Number of Pages 153 ; .
700 1# - ADDED ENTRY--PERSONAL NAME
Personal name Ewbank, Henry lee .
942 ## - ADDED ENTRY ELEMENTS (KOHA)
Koha item type Books
Holdings
Withdrawn status Lost status Damaged status Home library Current library Date acquired Full call number Accession Number Koha item type
Withdrawn     KAUAET Sanskrit University 07/04/2012 371.37 733 Books
free website counter